| 000 | 00898cam a2200241 a 4500 | ||
|---|---|---|---|
| 001 | 000005954 | ||
| 005 | 20200929151846.0 | ||
| 008 | 921008s1985 sp 001 p spa d | ||
| 020 | _a8400059220 | ||
| 040 |
_aDO-SdBNP _cDLC _dDLC |
||
| 082 |
_a861.6 _bL925e |
||
| 100 | 1 |
_aLozano Gracian, José Manuel, _d1933- _916766 |
|
| 245 | 1 | 3 |
_aEl esfuerzo final de la palabra / _cJosé Manuel Lozano Graci an. |
| 260 |
_aZarogoza, España : _bInstitución "Fernando el Católico", _c1985. |
||
| 300 |
_a175 p. ; _c25 cm. |
||
| 490 | 1 |
_a"San Jorge" _vvol. 44 |
|
| 490 | 1 |
_aPublicación de la Institución "Fernando el Católico" _vno. 1016. |
|
| 650 | 4 |
_aPoesía española _9631 |
|
| 650 | 4 |
_aLiteratura española _ySIGLO XX _93326 |
|
| 830 | 0 |
_a"San Jorge" ; _vvol. 44 _914363 |
|
| 830 | 0 |
_aPublicacion de la Institución "Fernando el Católico" ; _vno. 1016. _916767 |
|
| 910 | _aCatalogación por copia / LC | ||
| 999 |
_c5750 _d5750 |
||